Návrh zavedenia projektového riadenia v organizácii = Design implementation of Project Management in organization : Diplomová práca

Guardado en:
Detalles Bibliográficos
Autor principal: Miková, Jana (Autor)
Otros Autores: Ončáková, Eva (xxx)
Formato: Manuscrito Libro
Lenguaje:eslovaco
Publicado: Trnava : STU v Bratislave MtF KPIM, 2007
Materias:
Etiquetas: Agregar Etiqueta
Sin Etiquetas, Sea el primero en etiquetar este registro!

MARC

LEADER 00000ntm a22000003a 4500
001 stu145003
005 20160719155734.5
008 070907s2007----xo------------------slo-d
040 |a STU  |b slo 
041 0 |a slo 
044 |a xo 
100 1 |a Miková, Jana  |4 aut 
245 1 |a Návrh zavedenia projektového riadenia v organizácii = Design implementation of Project Management in organization :  |b Diplomová práca 
260 |a Trnava :  |b STU v Bratislave MtF KPIM,  |c 2007 
300 |a 68 s  |c príl., 1 CD-ROM 
500 |a Program: priemyselné manažérstvo 
650 7 |a projektové riadenie  |2 stusub 
700 1 |a Ončáková, Eva  |4 xxx 
996 |b 284M065838  |c M*DP-6876  |l MMSKP  |s P  |a 0  |w stu145003_0001